The giant all colour book of fairy tales

Bibliographic Details
Main Author: Carruth, Jane (Author)
Format: Book
Language:English
PhysicalDescription:448 s. 4°
Published: London Hamlyn 1982
Subjects:

MARC

LEADER 00000nam a22000005a 4500
001 vtls010584225
003 SK-MaSNL
005 20260302083444.0
008 240314s1982 xxk j 000 j eng
015 |a SNBZSA1982 
040 |a SNK  |b slo  |c SNK  |e AACR2 
041 0 |a eng 
044 |a xxk  |c GB 
080 |a 398.2(100)(082)  |2 1981 
100 1 |a Carruth, Jane  |4 aut  |9 41068 
245 1 4 |a The giant all  |b colour book of fairy tales  |c retold by Jane Carruth 
260 |a London  |b Hamlyn  |c 1982 
300 |a 448 s.  |c 4° 
655 7 |a svetové rozprávky  |2 SNKPH  |9 277435 
655 7 |a ľudové rozprávky  |2 SNKPH  |9 70593 
655 7 |a výbery  |2 SNKPH  |9 67620 
958 |a UP 
958 |a LX 
958 |a DB 
958 |a TL 
958 |a OND 
999 |c 1183821  |d 1185751 
952 |a SNK  |b SNK  |y PREZ  |7 0  |p 17A0785832  |o snkSB 36177  |i snkKSP 6164/83  |0 0  |1 0  |4 0  |d 2014-03-19  |l 0  |r 2025-04-14 00:00:00  |w 2026-02-24